[Event "Quebec op"]
[Site "Montreal CAN"]
[Date "1997.07.27"]
[Round "2"]
[White "Mikanovic, Goran"]
[Black "Luksza, Arkadiusz"]
[Result "1-0"]
[WhiteElo "2336"]
[BlackElo "2106"]
[PlyCount "85"]
[GameId "2160767911932316"]
[EventDate "1997.07.26"]
[EventType "swiss"]
[EventRounds "9"]
[EventCountry "CAN"]
[SourceTitle "EXT 97"]
[Source "ChessBase"]
[SourceDate "1997.11.17"]
[SourceVersion "1"]
[SourceVersionDate "1997.11.17"]
[SourceQuality "1"]

1. d4 f5 2. g3 e6 3. Bg2 Nf6 4. Nf3 d5 5. O-O Bd6 6. c4 c6 7. Bf4 Bxf4 8. gxf4 O-O 9. Nbd2 Bd7 10. Ne5 Be8 11. Ndf3 Nbd7 12. c5 Nxe5 13. dxe5 Ne4 14. Nd4 Qe7 15. b4 b6 16. Rc1 bxc5 17. bxc5 Rb8 18. Qd3 Rf7 19. Rc2 Nxc5 20. Qa3 Nb7 21. Qxa7 Rc8 22. Qa6 c5 23. Qxe6 Qxe6 24. Nxe6 Bc6 25. Nxc5 Ba4 26. Nxa4 Rxc2 27. Bxd5 Kf8 28. Bxf7 Kxf7 29. Rb1 Nd8 30. e3 Rxa2 31. Nc5 Rc2 32. Rd1 Ke7 33. Rd5 Nc6 34. Nb3 Nb4 35. Rc5 Rb2 36. Nd4 g6 37. Rb5 Nd3 38. Rxb2 Nxb2 39. Kf1 Nc4 40. Ke2 Nb6 41. Kd3 Na4 42. f3 Nc5+ 43. Ke2 1-0

[Event "Quebec op"]
[Site "Montreal CAN"]
[Date "1997.07.27"]
[Round "2"]
[White "Murey, Jacob"]
[Black "Laurain, Guy"]
[Result "1-0"]
[WhiteElo "2440"]
[BlackElo "2138"]
[PlyCount "57"]
[GameId "2160767911932317"]
[EventDate "1997.07.26"]
[EventType "swiss"]
[EventRounds "9"]
[EventCountry "CAN"]
[SourceTitle "EXT 97"]
[Source "ChessBase"]
[SourceDate "1997.11.17"]
[SourceVersion "1"]
[SourceVersionDate "1997.11.17"]
[SourceQuality "1"]

1. c4 Nf6 2. Nc3 d6 3. d4 g6 4. e4 Bg7 5. f3 c5 6. dxc5 dxc5 7. Qxd8+ Kxd8 8. Be3 Nfd7 9. Nge2 Nc6 10. O-O-O Kc7 11. f4 b6 12. g3 Nf8 13. e5 Bg4 14. Bg2 Bxe2 15. Nxe2 f6 16. Nc3 Re8 17. Nb5+ Kb7 18. exf6 Bxf6 19. Rd6 exd6 20. Nxd6+ Kb8 21. Nxe8 Bd4 22. Re1 Nb4 23. Bxd4 cxd4 24. Re7 Nd7 25. a3 Nd3+ 26. Kc2 Nf2 27. Bc6 Nc5 28. b4 d3+ 29. Kc3 1-0

[Event "Quebec op"]
[Site "Montreal CAN"]
[Date "1997.07.27"]
[Round "2"]
[White "Pineault, Denis"]
[Black "Leutschaft, Martin"]
[Result "1/2-1/2"]
[WhiteElo "2179"]
[BlackElo "2044"]
[PlyCount "157"]
[GameId "2160767911932318"]
[EventDate "1997.07.26"]
[EventType "swiss"]
[EventRounds "9"]
[EventCountry "CAN"]
[SourceTitle "EXT 97"]
[Source "ChessBase"]
[SourceDate "1997.11.17"]
[SourceVersion "1"]
[SourceVersionDate "1997.11.17"]
[SourceQuality "1"]

1. e4 e5 2. Nf3 d6 3. d4 Nf6 4. Nc3 Nbd7 5. Bc4 Be7 6. O-O O-O 7. Re1 c6 8. a4 Qc7 9. Ba2 Re8 10. h3 Bf8 11. Kh1 exd4 12. Qxd4 Ne5 13. Qd1 Be6 14. Bxe6 Rxe6 15. Nd4 Ree8 16. Bg5 Nfd7 17. f4 Ng6 18. f5 Nge5 19. b3 a5 20. Qd2 f6 21. Ne6 Rxe6 22. fxe6 Nc5 23. Be3 Nxe6 24. Rad1 Qf7 25. Ne2 Nc5 26. Ng3 Qg6 27. Bf4 b6 28. Bxe5 fxe5 29. Qe3 Re8 30. Rf1 Qe6 31. Rf3 d5 32. Rdf1 d4 33. Qe2 d3 34. cxd3 Nxb3 35. Qa2 Nd4 36. Qxe6+ Nxe6 37. Ne2 b5 38. axb5 cxb5 39. Nc3 Nd4 40. Rf7 Bb4 41. Nd5 Rf8 42. Rxf8+ Bxf8 43. Kg1 a4 44. Rb1 a3 45. Kf1 Kf7 46. Kf2 Bc5 47. Kg3 Ke6 48. Nc7+ Kd7 49. Nxb5 a2 50. Ra1 Nxb5 51. Rxa2 Nd4 52. Rb2 Be7 53. h4 Ne6 54. Kg4 Bf6 55. h5 h6 56. Kf5 Nc5 57. Rd2 Kd6 58. Rd1 Nb3 59. Rb1 Nd4+ 60. Kg6 Ne6 61. g4 Kc5 62. Rb7 Kc6 63. Ra7 Nc7 64. Kf5 Kb6 65. Ra1 Nb5 66. Ke6 Nd4+ 67. Kd5 Ne2 68. Ra3 Nf4+ 69. Kd6 Kb5 70. d4 exd4 71. e5 Bg5 72. e6 Kb4 73. Rf3 Nxe6 74. Kxe6 Kc4 75. Kf5 d3 76. Ke4 d2 77. Rf1 Kc3 78. Kf3 Kd3 79. Rd1 1/2-1/2

[Event "Quebec op"]
[Site "Montreal CAN"]
[Date "1997.07.27"]
[Round "2"]
[White "Pnevmonidis, Pantelis"]
[Black "McDonough, Jonathan"]
[Result "1-0"]
[WhiteElo "1991"]
[BlackElo "1898"]
[PlyCount "85"]
[GameId "2160767911932319"]
[EventDate "1997.07.26"]
[EventType "swiss"]
[EventRounds "9"]
[EventCountry "CAN"]
[SourceTitle "EXT 97"]
[Source "ChessBase"]
[SourceDate "1997.11.17"]
[SourceVersion "1"]
[SourceVersionDate "1997.11.17"]
[SourceQuality "1"]

1. Nf3 c5 2. g3 b6 3. Bg2 Bb7 4. O-O e6 5. c4 Nf6 6. Nc3 a6 7. d4 cxd4 8. Qxd4 d6 9. Bg5 Be7 10. Rac1 h6 11. Bxf6 Bxf6 12. Qf4 O-O 13. Rfd1 Be7 14. Ne4 Ra7 15. Nxd6 Bxf3 16. Ne4 Bxg2 17. Rxd8 Rxd8 18. Kxg2 f5 19. Rd1 Rad7 20. Rxd7 Nxd7 21. Nc3 Rc8 22. e4 Rxc4 23. Qd2 Nf6 24. exf5 exf5 25. Nd5 Re4 26. Nxe7+ Rxe7 27. Qd8+ Kf7 28. Qxb6 Re6 29. Qd4 Kg6 30. b4 Ne4 31. a4 Rd6 32. Qa7 Kh7 33. b5 axb5 34. axb5 Rf6 35. b6 Nd6 36. Qd7 Kg6 37. Kf3 Kh7 38. Ke2 Kg6 39. f3 h5 40. Kd3 Nc4 41. Kxc4 Rxb6 42. Qe8+ Kh7 43. Qxh5+ 1-0

[Event "Quebec op"]
[Site "Montreal CAN"]
[Date "1997.07.27"]
[Round "2"]
[White "Vera, Reynaldo"]
[Black "Schleifer, Michael"]
[Result "1-0"]
[WhiteElo "2530"]
[BlackElo "2327"]
[PlyCount "53"]
[GameId "2160767911932320"]
[EventDate "1997.07.26"]
[EventType "swiss"]
[EventRounds "9"]
[EventCountry "CAN"]
[SourceTitle "EXT 97"]
[Source "ChessBase"]
[SourceDate "1997.11.17"]
[SourceVersion "1"]
[SourceVersionDate "1997.11.17"]
[SourceQuality "1"]

1. d4 Nf6 2. Nf3 d6 3. c4 Bg4 4. Nc3 Nbd7 5. g3 e5 6. Bg2 Be7 7. O-O O-O 8. b3 Re8 9. h3 Bh5 10. e4 Bf8 11. Bb2 c6 12. Re1 Qa5 13. g4 Bg6 14. Nh4 a6 15. dxe5 Qxe5 16. Qc2 Qc5 17. Kh1 Be7 18. f4 h6 19. Nxg6 fxg6 20. Na4 Qa7 21. e5 Nh7 22. exd6 Bf6 23. Bxf6 Nhxf6 24. Re7 Rad8 25. Rae1 h5 26. g5 Rxe7 27. dxe7 1-0

[Event "Quebec op"]
[Site "Montreal CAN"]
[Date "1997.07.27"]
[Round "2"]
[White "Wenaas, Eric"]
[Black "Leriche, Felix"]
[Result "1/2-1/2"]
[WhiteElo "2133"]
[BlackElo "2005"]
[PlyCount "40"]
[GameId "2160767911932321"]
[EventDate "1997.07.26"]
[EventType "swiss"]
[EventRounds "9"]
[EventCountry "CAN"]
[SourceTitle "EXT 97"]
[Source "ChessBase"]
[SourceDate "1997.11.17"]
[SourceVersion "1"]
[SourceVersionDate "1997.11.17"]
[SourceQuality "1"]

1. Nf3 d5 2. d4 c6 3. g3 Bg4 4. Bg2 Nd7 5. Nbd2 e6 6. O-O Bd6 7. e4 dxe4 8. Nxe4 Bc7 9. Re1 Ngf6 10. c4 Nxe4 11. Rxe4 Nf6 12. Re1 O-O 13. Be3 Bd6 14. a3 a5 15. Bd2 Qe7 16. Qe2 Rfd8 17. Bc3 a4 18. Qe3 Bf5 19. Ne5 Ng4 20. Nxg4 Bxg4 1/2-1/2

[Event "Quebec op"]
[Site "Montreal CAN"]
[Date "1997.07.27"]
[Round "3"]
[White "Bergeron, Florian"]
[Black "Levtchouk, George"]
[Result "0-1"]
[WhiteElo "2095"]
[BlackElo "2348"]
[PlyCount "60"]
[GameId "2160767911932322"]
[EventDate "1997.07.26"]
[EventType "swiss"]
[EventRounds "9"]
[EventCountry "CAN"]
[SourceTitle "EXT 97"]
[Source "ChessBase"]
[SourceDate "1997.11.17"]
[SourceVersion "1"]
[SourceVersionDate "1997.11.17"]
[SourceQuality "1"]

1. d4 g6 2. c4 Bg7 3. Nc3 d6 4. Nf3 Nf6 5. e4 O-O 6. Be2 e5 7. O-O Nc6 8. d5 Ne7 9. b4 a5 10. bxa5 c5 11. Nd2 Rxa5 12. Nb3 Ra6 13. a4 Nd7 14. Be3 f5 15. f3 f4 16. Bf2 h5 17. Bh4 Bh6 18. Bxe7 Qxe7 19. Nb5 Nf6 20. Kh1 g5 21. Ra3 Kh8 22. Qc2 g4 23. Rfa1 Rg8 24. Bf1 Qg7 25. Nd2 g3 26. Nb1 gxh2 27. Kxh2 Bg5 28. N5c3 Bh4 29. Qe2 Bg3+ 30. Kg1 Qg5 0-1

[Event "Quebec op"]
[Site "Montreal CAN"]
[Date "1997.07.27"]
[Round "3"]
[White "Cormos, Eugene"]
[Black "Murey, Jacob"]
[Result "0-1"]
[WhiteElo "2083"]
[BlackElo "2440"]
[PlyCount "68"]
[GameId "2160767911932323"]
[EventDate "1997.07.26"]
[EventType "swiss"]
[EventRounds "9"]
[EventCountry "CAN"]
[SourceTitle "EXT 97"]
[Source "ChessBase"]
[SourceDate "1997.11.17"]
[SourceVersion "1"]
[SourceVersionDate "1997.11.17"]
[SourceQuality "1"]

1. e4 c5 2. c3 b6 3. Nf3 Bb7 4. d3 g6 5. Bg5 Bg7 6. Be2 h6 7. Bh4 d6 8. Na3 Nf6 9. O-O O-O 10. Nd2 e5 11. Ndc4 a6 12. b4 cxb4 13. cxb4 Nc6 14. Nc2 g5 15. Bg3 d5 16. Nxe5 dxe4 17. d4 Nd5 18. Qd2 Nxe5 19. Bxe5 Bxe5 20. dxe5 Nf4 21. Qe3 Qc7 22. Na3 b5 23. Rac1 Qxe5 24. Rc5 Qd4 25. Bg4 Qxe3 26. fxe3 Nd3 27. Rc7 Bc8 28. Bxc8 Raxc8 29. Rfxf7 Rxc7 30. Rxc7 Nxb4 31. Re7 Nxa2 32. g4 Rc8 33. Ra7 b4 34. Nb5 Rc1+ 0-1

[Event "Quebec op"]
[Site "Montreal CAN"]
[Date "1997.07.27"]
[Round "3"]
[White "Drolet, Stephane"]
[Black "Fillion, Steve"]
[Result "1/2-1/2"]
[WhiteElo "1903"]
[BlackElo "2127"]
[PlyCount "72"]
[GameId "2160767911932325"]
[EventDate "1997.07.26"]
[EventType "swiss"]
[EventRounds "9"]
[EventCountry "CAN"]
[SourceTitle "EXT 97"]
[Source "ChessBase"]
[SourceDate "1997.11.17"]
[SourceVersion "1"]
[SourceVersionDate "1997.11.17"]
[SourceQuality "1"]

1. d4 d5 2. Nf3 Nf6 3. g3 e6 4. Bg2 c5 5. O-O Nc6 6. e3 Be7 7. b3 O-O 8. Nbd2 b6 9. Bb2 Bb7 10. Ne5 Nxe5 11. dxe5 Nd7 12. Qg4 Qc7 13. f4 Rae8 14. Nf3 Ba6 15. Rf2 f5 16. Qh5 g6 17. Qh3 Kf7 18. g4 Kg7 19. g5 Kf7 20. Rd1 Nb8 21. Bf1 Bxf1 22. Qxf1 Rg8 23. h4 Nc6 24. Kg2 Rd8 25. Kg3 Nb4 26. a3 Nc6 27. Rfd2 Na5 28. Bc3 Nc6 29. Bb2 Na5 30. Bc3 Nc6 31. Bb2 a5 32. c4 dxc4 33. Qxc4 Rxd2 34. Rxd2 Rd8 35. e4 Rxd2 36. Nxd2 Qd7 1/2-1/2

[Event "Quebec op"]
[Site "Montreal CAN"]
[Date "1997.07.27"]
[Round "3"]
[White "Gagnon, Michel"]
[Black "Girard, Robin"]
[Result "0-1"]
[WhiteElo "2059"]
[BlackElo "2241"]
[PlyCount "82"]
[GameId "2160767911932326"]
[EventDate "1997.07.26"]
[EventType "swiss"]
[EventRounds "9"]
[EventCountry "CAN"]
[SourceTitle "EXT 97"]
[Source "ChessBase"]
[SourceDate "1997.11.17"]
[SourceVersion "1"]
[SourceVersionDate "1997.11.17"]
[SourceQuality "1"]

1. d4 Nf6 2. Nf3 g6 3. Bf4 Bg7 4. Nbd2 O-O 5. h3 d6 6. e3 c6 7. Be2 Nbd7 8. O-O b6 9. Bh2 Bb7 10. c4 e6 11. Qc2 Qe7 12. b4 c5 13. bxc5 dxc5 14. Rab1 Rac8 15. a4 cxd4 16. exd4 Bc6 17. Qa2 Ne4 18. Nxe4 Bxe4 19. Rbd1 Qb4 20. Bf4 Bxf3 21. gxf3 e5 22. Bd2 Qe7 23. d5 Qh4 24. Kg2 e4 25. f4 Bh6 26. a5 bxa5 27. Qxa5 Bxf4 28. Bxf4 Qxf4 29. Qxa7 Ne5 30. d6 Ra8 31. Qb6 Ra3 32. Rh1 e3 33. Rhf1 Qg5+ 34. Kh2 Ra2 35. d7 Qf4+ 36. Kh1 Nxd7 37. Rxd7 Rxe2 38. Qd4 Qf3+ 39. Kg1 Rxf2 40. Rxf2 Qxf2+ 41. Kh1 Qf1+ 0-1

[Event "Quebec op"]
[Site "Montreal CAN"]
[Date "1997.07.27"]
[Round "3"]
[White "Goldenberg, Danny"]
[Black "Desjardins, Andre"]
[Result "1-0"]
[WhiteElo "2272"]
[BlackElo "2095"]
[PlyCount "67"]
[GameId "2160767911932327"]
[EventDate "1997.07.26"]
[EventType "swiss"]
[EventRounds "9"]
[EventCountry "CAN"]
[SourceTitle "EXT 97"]
[Source "ChessBase"]
[SourceDate "1997.11.17"]
[SourceVersion "1"]
[SourceVersionDate "1997.11.17"]
[SourceQuality "1"]

1. d4 Nf6 2. Nc3 d5 3. Bg5 g6 4. Nf3 Bg7 5. e3 O-O 6. Bd3 Nbd7 7. O-O c5 8. Re1 b6 9. e4 dxe4 10. Nxe4 Bb7 11. c3 h6 12. Bh4 Nxe4 13. Bxe4 Bxe4 14. Rxe4 g5 15. Nxg5 hxg5 16. Bxg5 Nf6 17. Bxf6 exf6 18. Qh5 Re8 19. Rg4 Qe7 20. h3 cxd4 21. cxd4 Rac8 22. Qh6 Qf8 23. Qh5 Re6 24. Rh4 Qb4 25. Qh7+ Kf8 26. Rg4 Qxb2 27. Rf1 Rc1 28. Qxg7+ Ke7 29. Rxc1 Qxc1+ 30. Kh2 Qd2 31. Qh8 Qxf2 32. Qb8 f5 33. Rg8 Qxd4 34. Qf8+ 1-0

[Event "Quebec op"]
[Site "Montreal CAN"]
[Date "1997.07.27"]
[Round "3"]
[White "Groleau, Gilles"]
[Black "Pineault, Denis"]
[Result "0-1"]
[WhiteElo "1995"]
[BlackElo "2179"]
[PlyCount "52"]
[GameId "2160767911932328"]
[EventDate "1997.07.26"]
[EventType "swiss"]
[EventRounds "9"]
[EventCountry "CAN"]
[SourceTitle "EXT 97"]
[Source "ChessBase"]
[SourceDate "1997.11.17"]
[SourceVersion "1"]
[SourceVersionDate "1997.11.17"]
[SourceQuality "1"]

1. e4 c5 2. Nf3 Nc6 3. Bb5 e6 4. O-O Nge7 5. Re1 a6 6. Bf1 Ng6 7. c3 Be7 8. d4 cxd4 9. cxd4 d5 10. e5 O-O 11. Nc3 f6 12. Bd3 f5 13. Ne2 Nh8 14. Rf1 g5 15. Ne1 Rf7 16. Bd2 Rg7 17. Rc1 Bd7 18. Qb3 Rb8 19. Nc2 Ng6 20. Nb4 Na5 21. Qd1 f4 22. Nc2 Nc6 23. Na1 Nh4 24. f3 Qb6 25. Qb3 Qa7 26. Nc2 Nxe5 0-1

[Event "Quebec op"]
[Site "Montreal CAN"]
[Date "1997.07.27"]
[Round "3"]
[White "Grondin, Jean-Philippe"]
[Black "Mikanovic, Goran"]
[Result "1/2-1/2"]
[WhiteElo "2093"]
[BlackElo "2336"]
[PlyCount "113"]
[GameId "2160767911932329"]
[EventDate "1997.07.26"]
[EventType "swiss"]
[EventRounds "9"]
[EventCountry "CAN"]
[SourceTitle "EXT 97"]
[Source "ChessBase"]
[SourceDate "1997.11.17"]
[SourceVersion "1"]
[SourceVersionDate "1997.11.17"]
[SourceQuality "1"]

1. e4 c5 2. Nf3 e6 3. d4 cxd4 4. Nxd4 a6 5. Nc3 Qc7 6. Be2 Nf6 7. O-O Nc6 8. Be3 Bb4 9. Na4 O-O 10. Nxc6 bxc6 11. Nb6 Rb8 12. Nxc8 Qxc8 13. Bd3 e5 14. f4 Bd6 15. Rb1 Qc7 16. g3 a5 17. Qf3 Rfe8 18. Kh1 Qd8 19. Bd2 Bc7 20. Bc3 d5 21. fxe5 Bxe5 22. Bxe5 Rxe5 23. exd5 cxd5 24. Rf2 Qe7 25. Re2 Rxe2 26. Qxe2 Qc5 27. b3 Re8 28. Qf3 h5 29. Qf4 Qc3 30. Rf1 Qc6 31. h3 Qe6 32. Kh2 Qb6 33. Qf5 Re6 34. Rf2 g6 35. Qf3 Kg7 36. Re2 Rxe2+ 37. Qxe2 Qd4 38. Kg2 Qc3 39. a4 Qd4 40. Qf2 Qe5 41. Qf1 Qd4 42. Qf2 Qc3 43. Qf4 Nd7 44. Qd6 Qd2+ 45. Kf3 Nf6 46. Qc5 g5 47. Qf2 g4+ 48. hxg4 hxg4+ 49. Kg2 Qc3 50. Qf4 Kf8 51. Qd6+ Kg7 52. Qf4 Kf8 53. Kf2 Ke7 54. Ke2 Kf8 55. Qd6+ Kg7 56. Qf4 Kf8 57. Qe3 1/2-1/2

[Event "Quebec op"]
[Site "Montreal CAN"]
[Date "1997.07.27"]
[Round "3"]
[White "Landry, Sylvain"]
[Black "Wenaas, Eric"]
[Result "1-0"]
[WhiteElo "1981"]
[BlackElo "2133"]
[PlyCount "45"]
[GameId "2160767911932331"]
[EventDate "1997.07.26"]
[EventType "swiss"]
[EventRounds "9"]
[EventCountry "CAN"]
[SourceTitle "EXT 97"]
[Source "ChessBase"]
[SourceDate "1997.11.17"]
[SourceVersion "1"]
[SourceVersionDate "1997.11.17"]
[SourceQuality "1"]

1. e4 e5 2. f4 d5 3. exd5 exf4 4. Nf3 Nf6 5. Bb5+ c6 6. dxc6 Nxc6 7. d4 Bd6 8. O-O O-O 9. Nbd2 Bg4 10. Nc4 Bc7 11. Bxc6 bxc6 12. Qd3 Qd5 13. Nfe5 g5 14. Bxf4 gxf4 15. Rxf4 Qe6 16. Raf1 Bd8 17. Qg3 Kh8 18. Nxg4 Nxg4 19. Rxg4 Qxc4 20. Qd6 Rg8 21. Qe5+ f6 22. Rxf6 Bc7 23. Rd6+ 1-0

[Event "Quebec op"]
[Site "Montreal CAN"]
[Date "1997.07.27"]
[Round "3"]
[White "Laurain, Guy"]
[Black "Clement, Michel"]
[Result "1/2-1/2"]
[WhiteElo "2138"]
[BlackElo "1997"]
[PlyCount "88"]
[GameId "2160767911932332"]
[EventDate "1997.07.26"]
[EventType "swiss"]
[EventRounds "9"]
[EventCountry "CAN"]
[SourceTitle "EXT 97"]
[Source "ChessBase"]
[SourceDate "1997.11.17"]
[SourceVersion "1"]
[SourceVersionDate "1997.11.17"]
[SourceQuality "1"]

1. e4 c5 2. Nf3 Nc6 3. d4 cxd4 4. Nxd4 Nf6 5. Nc3 e5 6. Ndb5 d6 7. Bg5 Be7 8. Bxf6 gxf6 9. Nd5 O-O 10. Bd3 a6 11. Nbc3 Be6 12. O-O Nd4 13. Qh5 Kh8 14. Nxe7 Qxe7 15. f4 b5 16. Rae1 Rg8 17. Nd5 Qd8 18. Kh1 Rg7 19. c3 Nc6 20. fxe5 fxe5 21. Qf3 Bxd5 22. exd5 Ne7 23. Be4 Rc8 24. Qf6 Ng8 25. Qxd8 Rxd8 26. a4 bxa4 27. Ra1 Rb8 28. Rxa4 Rxb2 29. Rxa6 Ne7 30. g3 f5 31. Ra8+ Rg8 32. Rxg8+ Kxg8 33. Bxf5 Nxf5 34. Rxf5 Rd2 35. c4 Kg7 36. Rg5+ Kf6 37. Rh5 Kg6 38. Rh4 h5 39. Kg1 Kg5 40. Kf1 Ra2 41. Kg1 Rc2 42. Kf1 Ra2 43. Ke1 Rc2 44. Kd1 Ra2 1/2-1/2

[Event "Quebec op"]
[Site "Montreal CAN"]
[Date "1997.07.27"]
[Round "3"]
[White "Leriche, Felix"]
[Black "Linskiy, Oleg"]
[Result "0-1"]
[WhiteElo "2005"]
[BlackElo "2389"]
[PlyCount "68"]
[GameId "2160767911932334"]
[EventDate "1997.07.26"]
[EventType "swiss"]
[EventRounds "9"]
[EventCountry "CAN"]
[SourceTitle "EXT 97"]
[Source "ChessBase"]
[SourceDate "1997.11.17"]
[SourceVersion "1"]
[SourceVersionDate "1997.11.17"]
[SourceQuality "1"]

1. e4 c5 2. Nf3 e6 3. d4 cxd4 4. Nxd4 Nf6 5. Nc3 Nc6 6. Ndb5 d6 7. Bf4 e5 8. Bg5 a6 9. Na3 Be6 10. Nc4 Rc8 11. Nd5 Bxd5 12. exd5 Ne7 13. Bxf6 gxf6 14. Be2 Bh6 15. O-O O-O 16. Re1 f5 17. Bf1 f4 18. Qd3 Rc5 19. Qh3 Bg7 20. Bd3 f5 21. Rad1 e4 22. b4 Rc8 23. Bf1 b5 24. Na5 Rxc2 25. a4 Qb6 26. Re2 Rc3 27. Qh4 Ng6 28. Qg5 bxa4 29. Nc6 a3 30. h4 Rg3 31. Ne7+ Nxe7 32. Qxe7 Rc3 33. Rb1 Qd8 34. Qe6+ Kh8 0-1

[Event "Quebec op"]
[Site "Montreal CAN"]
[Date "1997.07.27"]
[Round "3"]
[White "Leveille, Francois"]
[Black "Rousseau, Daniel"]
[Result "1-0"]
[WhiteElo "2326"]
[BlackElo "1967"]
[PlyCount "147"]
[GameId "2160767911932337"]
[EventDate "1997.07.26"]
[EventType "swiss"]
[EventRounds "9"]
[EventCountry "CAN"]
[SourceTitle "EXT 97"]
[Source "ChessBase"]
[SourceDate "1997.11.17"]
[SourceVersion "1"]
[SourceVersionDate "1997.11.17"]
[SourceQuality "1"]

1. d4 Nf6 2. c4 g6 3. Nc3 Bg7 4. e4 d6 5. Nf3 O-O 6. Be2 e5 7. O-O Nbd7 8. d5 Nc5 9. Qc2 a5 10. Bg5 h6 11. Be3 Nh5 12. g3 Bh3 13. Rfe1 Qe8 14. Nb5 Na6 15. c5 Bd7 16. a4 Qe7 17. Nxc7 Nb4 18. Qd2 Rac8 19. Nb5 dxc5 20. Rec1 Nf6 21. Rc4 Ne8 22. Bxc5 Rxc5 23. d6 Nxd6 24. Qxd6 Qxd6 25. Nxd6 Rxc4 26. Bxc4 Be6 27. Bxe6 fxe6 28. Kg2 Nd3 29. b3 Nc5 30. Rc1 b6 31. Nd2 Rxf2+ 32. Kxf2 Nd3+ 33. Kf3 Nxc1 34. N6c4 Bf8 35. Nxb6 Bb4 36. Nbc4 Kg7 37. Ke3 Kf6 38. Nf3 Nxb3 39. Nfxe5 Nc5 40. Ng4+ Kg7 41. Nb6 h5 42. Ne5 Nb3 43. Kd3 Kf6 44. Nc6 Be1 45. Nd7+ Kg5 46. Nce5 Bb4 47. h3 Nc5+ 48. Nxc5 Bxc5 49. Kc4 Bb4 50. Kb5 Kf6 51. Nf3 Bc3 52. Kc6 Bb4 53. Kd7 Bc3 54. g4 hxg4 55. hxg4 Bb2 56. Kd6 Ba3+ 57. Kc6 Bb2 58. Kb5 Bc3 59. Kc4 Bb4 60. g5+ Kf7 61. Ne5+ Ke8 62. Kb5 Bd2 63. Nxg6 Bxg5 64. Kxa5 Kd7 65. Kb6 Be3+ 66. Kb7 Kd6 67. a5 Kc5 68. a6 Kc4 69. Ne5+ Kb5 70. Nc6 Kc4 71. Ne5+ Kb5 72. Nd7 Bd4 73. Nf8 e5 74. Nd7 1-0

[Event "Quebec op"]
[Site "Montreal CAN"]
[Date "1997.07.27"]
[Round "3"]
[White "Luksza, Arkadiusz"]
[Black "Guevremont, Grant"]
[Result "1-0"]
[WhiteElo "2106"]
[BlackElo "1940"]
[PlyCount "45"]
[GameId "2160767911932338"]
[EventDate "1997.07.26"]
[EventType "swiss"]
[EventRounds "9"]
[EventCountry "CAN"]
[SourceTitle "EXT 97"]
[Source "ChessBase"]
[SourceDate "1997.11.17"]
[SourceVersion "1"]
[SourceVersionDate "1997.11.17"]
[SourceQuality "1"]

1. d4 d5 2. g3 Nf6 3. Bg2 e6 4. Nf3 Nbd7 5. O-O Be7 6. c4 c6 7. Qc2 O-O 8. Rd1 b6 9. cxd5 cxd5 10. Nc3 Bb7 11. Bf4 Rc8 12. Rac1 Ne4 13. Qb3 g5 14. Be3 f5 15. Nxe4 fxe4 16. Nd2 Qe8 17. Bh3 Bd8 18. Nxe4 dxe4 19. Qxe6+ Qxe6 20. Bxe6+ Kg7 21. Bxd7 Rxc1 22. Bxc1 Bc7 23. Bxg5 1-0

[Event "Quebec op"]
[Site "Montreal CAN"]
[Date "1997.07.27"]
[Round "3"]
[White "McDonough, Jonathan"]
[Black "Jodoin, Pierre"]
[Result "1-0"]
[WhiteElo "1898"]
[BlackElo "1853"]
[PlyCount "71"]
[GameId "2160767911932339"]
[EventDate "1997.07.26"]
[EventType "swiss"]
[EventRounds "9"]
[EventCountry "CAN"]
[SourceTitle "EXT 97"]
[Source "ChessBase"]
[SourceDate "1997.11.17"]
[SourceVersion "1"]
[SourceVersionDate "1997.11.17"]
[SourceQuality "1"]

1. d4 Nf6 2. c4 e6 3. g3 Bb4+ 4. Nd2 O-O 5. Bg2 d5 6. Qc2 c6 7. Ngf3 b6 8. O-O Bb7 9. e4 Bxd2 10. Nxd2 dxe4 11. Nxe4 Qxd4 12. Rd1 Qe5 13. Nd6 Bc8 14. Bf4 Qh5 15. Qc3 Bd7 16. Re1 Qg6 17. Rad1 Na6 18. h4 c5 19. Bxa8 Rxa8 20. Qf3 Rf8 21. Ne4 Bc8 22. Bd6 Re8 23. Nxf6+ Qxf6 24. Qc6 Rd8 25. Be5 Qe7 26. Rxd8+ Qxd8 27. a3 f6 28. Qd6 Qe8 29. Bc3 Bd7 30. Rd1 Nb8 31. Qc7 Kf8 32. Qxa7 Qd8 33. b4 cxb4 34. axb4 Ke8 35. b5 Qc8 36. Bb4 1-0

[Event "Quebec op"]
[Site "Montreal CAN"]
[Date "1997.07.27"]
[Round "3"]
[White "Nogueiras, Jesus"]
[Black "Hua, Lefong"]
[Result "1-0"]
[WhiteElo "2535"]
[BlackElo "2211"]
[PlyCount "79"]
[GameId "2160767911932340"]
[EventDate "1997.07.26"]
[EventType "swiss"]
[EventRounds "9"]
[EventCountry "CAN"]
[SourceTitle "EXT 97"]
[Source "ChessBase"]
[SourceDate "1997.11.17"]
[SourceVersion "1"]
[SourceVersionDate "1997.11.17"]
[SourceQuality "1"]

1. c4 g6 2. Nc3 Bg7 3. d4 Nf6 4. e4 d6 5. h3 O-O 6. Bg5 c5 7. d5 h6 8. Be3 e6 9. Bd3 exd5 10. exd5 Re8 11. Nf3 Na6 12. O-O Nc7 13. Qd2 Kh7 14. a4 b6 15. Rfe1 a6 16. Red1 Rb8 17. Bf4 Qe7 18. Rab1 Bd7 19. Bg3 Nh5 20. Bh4 Bf6 21. Re1 Qf8 22. g4 Bxh4 23. gxh5 Bf6 24. Kh2 Be5+ 25. Nxe5 dxe5 26. f4 e4 27. Nxe4 f5 28. hxg6+ Kxg6 29. Ng3 Rxe1 30. Rxe1 Ne8 31. Qc3 Nd6 32. Rg1 Kh7 33. Nh5 Ne8 34. Qe5 Rb7 35. Re1 Kg6 36. Ng3 Nd6 37. b3 Bc8 38. Rg1 Kh7 39. Nh5 Ne8 40. Qxe8 1-0

[Event "Quebec op"]
[Site "Montreal CAN"]
[Date "1997.07.27"]
[Round "3"]
[White "Prahov, Valentin"]
[Black "Fontaine, Jacques"]
[Result "1-0"]
[WhiteElo "2200"]
[BlackElo "2024"]
[PlyCount "89"]
[GameId "2160767911932341"]
[EventDate "1997.07.26"]
[EventType "swiss"]
[EventRounds "9"]
[EventCountry "CAN"]
[SourceTitle "EXT 97"]
[Source "ChessBase"]
[SourceDate "1997.11.17"]
[SourceVersion "1"]
[SourceVersionDate "1997.11.17"]
[SourceQuality "1"]

1. e4 e6 2. d4 d5 3. e5 c5 4. c3 Nc6 5. Nf3 cxd4 6. cxd4 Nge7 7. Bg5 Qb6 8. Qd2 Nf5 9. Be3 Nxe3 10. fxe3 Be7 11. Nc3 f6 12. exf6 Bxf6 13. Be2 O-O 14. O-O Qb4 15. Rad1 Bd7 16. a3 Qe7 17. e4 dxe4 18. Nxe4 Rad8 19. Qe3 Bc8 20. Bc4 Kh8 21. Ba2 Rde8 22. Rfe1 g6 23. b4 a6 24. Nc5 e5 25. d5 Nd4 26. Nxd4 exd4 27. Qxe7 Bxe7 28. Nb3 d3 29. Nd4 Bh4 30. Rxe8 Rxe8 31. g3 d2 32. Rxd2 Bg5 33. Re2 Re3 34. Kg2 Bd7 35. h4 Bh6 36. Rxe3 Bxe3 37. Ne6 b6 38. Nc7 a5 39. Kf3 Bc1 40. Na8 h5 41. Nxb6 Bg4+ 42. Ke4 Bxa3 43. bxa5 Be2 44. Bc4 Bg4 45. a6 1-0